000 00570nam a2200193Ia 4500
005 20250508152041.0
008 008 250505s9999 xx 000 0 eng d
037 _aReference
040 _aFEDL
_beng
_cFEDL
041 _aeng
_2eng
084 _a370.15, REM
_qFEDL
100 _aRemmers H H
245 0 _aIntroduction to educational psychology
260 _aNew York, USA
_bHarper and Brothers Publisher
_c1954
300 _aix,435p.
700 _a Ryden Einar R Morgan Clellen L
_9760639
942 _cREF
_h370.15, REM
999 _c1333931
_d1333931